Ship construction : sketches and notes (Record no. 5658)

000 -LEADER
fixed length control field 00453nam a2200169Ia 4500
008 - FIXED-LENGTH DATA ELEMENTS--GENERAL INFORMATION
fixed length control field 200103s 2007 ||||xx |||||||||||||| ||und||
020 ## - INTERNATIONAL STANDARD BOOK NUMBER
International Standard Book Number 9788181470041
082 ## - DEWEY DECIMAL CLASSIFICATION NUMBER
Classification number 623.82
Item number KEM
100 ## - MAIN ENTRY--PERSONAL NAME
Personal name Kemp & Young
245 #0 - TITLE STATEMENT
Title Ship construction : sketches and notes
260 ## - PUBLICATION, DISTRIBUTION, ETC. (IMPRINT)
Name of publisher, distributor, etc Elsevier India Pvt Ltd
Date of publication, distribution, etc 2007
Place of publication, distribution, etc New Delhi
300 ## - PHYSICAL DESCRIPTION
Extent 139p.
650 ## - SUBJECT ADDED ENTRY--TOPICAL TERM
Topical term or geographic name as entry element Lines Plan
650 ## - SUBJECT ADDED ENTRY--TOPICAL TERM
Topical term or geographic name as entry element Duct Keel / Bilge Keel
650 ## - SUBJECT ADDED ENTRY--TOPICAL TERM
Topical term or geographic name as entry element Deck Fittings
942 ## - ADDED ENTRY ELEMENTS (KOHA)
Item type Books
Holdings
Withdrawn status Lost status Source of classification or shelving scheme Damaged status Not for loan Collection code Permanent location Current location Shelving location Date acquired Full call number Barcode Date last seen Koha item type Public note Total Checkouts Total Renewals Date last borrowed
          Non-fiction IMU-MPC Library IMU-MPC Library General Stacks 2020-01-08 623.82 KEM MPC4161 2025-03-17 Books Column - 15      
          Non-fiction IMU-MPC Library IMU-MPC Library General Stacks 2020-03-04 623.82 KEM MPCG0186 2026-04-02 Books Column - 15 11 3 2026-03-17
Copyright © 2021 Indian Maritime University, Mumbai Port Campus. All Rights Reserved. Managed & Maintained by Central Library, IMU-Mumbai

webs counters

Powered by Koha